000 00355nam a22001457a 4500
020 _qPB.
040 _cFIZZA ISHAQ
082 _a620.112
_bFER
100 _aDAVID,BEER P FERDINAND.
_989166
245 _aMECHANICS OF MATERIALS /
_cFERDINAND P. BEER DAVID.
250 _a5th ED.
260 _aNEW YORK ;
_c2009.
300 _a782 P. ;
942 _2ddc
_cBK
999 _c587986
_d587986